Statistieken voor Kaart van Mexicaanse Steden Quiz

Klik hier om de quiz te nemen!

Algemene statistieken

  • Deze quiz is 5 keer genomen
  • De gemiddelde score is 5 van 14

Antwoorden op de kaart

Antwoorden kleurgecodeerd door een groen-rode schaal op de quizkaart volgens % correct hieronder.
Laden...
 

Antwoordstatistieken

Antwoord% Correct
Mexico-Stad
75%
Cancun
50%
Monterrey
50%
Chihuahua
50%
Acapulco
25%
Oaxaca
25%
Mérida
25%
Tampico
25%
Juarez
25%
Guaymas
25%
Tijuana
25%
Cabo San Lucas
25%
Guadalajara
25%
San Luis Potosí
25%

Scoreverdeling

Percentiel versus Aantal Correcte Antwoorden

Procent van Mensen met Elke Score

Uw Scoregeschiedenis

U heeft deze quiz nog niet genomen